Statistics for State Capitals Starting with Every Letter - 30 Seconds

Click here to take the quiz!

General Stats

  • This quiz has been taken 35 times
  • The average score is 7 of 16

Answer Stats

HintAnswer% Correct
AAlbany, Augusta, Atlanta etc.
91%
BBaton Rouge, Boston, Bismarck etc.
91%
DDenver, Des Moines, Dover
87%
CColumbia, Cheyenne, Charleston etc.
83%
HHelena, Honolulu, Hartford, Harrisburg
74%
FFrankfort
65%
JJackson, Jefferson City, Juneau
61%
IIndianapolis
57%
LLansing, Little Rock, Lincoln
35%
OOklahoma City, Olympia
26%
MMadison, Montgomery, Montpelier
17%
SSalem, Santa Fe, Springfield etx.
17%
TTallahassee, Trenton, Topeka
13%
NNashville
9%
PPhoenix, Providence, Pierre
9%
RRaleigh, Richmond
9%

Score Distribution

Percentile by Number Answered

Percent of People with Each Score

Your Score History

You have not taken this quiz